Kritéria hodnocení podnikatelských inkubátorů v EU

Podnikateľský inkubátor, technologický inkubátor, špecializované inkubátory - pojmy. Ciele inkubátorov. Hodnotenie výkonnosti inkubátorov, kritériá hodnotenia. Podnikateľské inkubátory v Česku.

Salvato in:
Dettagli Bibliografici
Autore principale: Klímová, Viktorie
Altri autori: Žítek, Vladimír
Natura: Capitolo di libro
Lingua:ceco
Soggetti:
Tags: Aggiungi Tag
Nessun Tag, puoi essere il primo ad aggiungerne!!

MARC

LEADER 00000naa$a2200000$$$4500
001 0091921
005 20231012075157.2
041 0 |a cze 
044 |a SK 
245 1 0 |a Kritéria hodnocení podnikatelských inkubátorů v EU  |c Viktorie Klímová, Vladimír Žítek 
520 |a Podnikateľský inkubátor, technologický inkubátor, špecializované inkubátory - pojmy. Ciele inkubátorov. Hodnotenie výkonnosti inkubátorov, kritériá hodnotenia. Podnikateľské inkubátory v Česku. 
610 2 0 |a inkubátory podnikateľské 
610 2 0 |a inkubátory technologické 
610 2 0 |a pojmy 
610 2 0 |a Česko 
100 1 |a Klímová, Viktorie 
700 1 |a Žítek, Vladimír